01485agaaa2200301 45000010005000000030009000050050017000140070009000310080040000400400023000800410013001031000060001161300050001762450156002262500022003822600114004043000034005185080033005525200079005855380016006645460013006806500082006937000072007757000065008479420012009129990019009249520240009439616IT-RoPAU20220918181252.0d cvaizq50131s9999||||xx ||| | || ||und|| aIT-RoPAUcIT-RoPAU aITALIANO aCappellaro GiancarlogCodice regista SPICS: 9145949424 aNOSTRA MISSIONE IN AMERICA LATINA (LA)949425 aNOSTRA MISSIONE IN AMERICA LATINA (LA)cDiretto da: Cappellaro GiancarlopNOSTRA MISSIONE IN AMERICA LATINA (LA) (Rif. Codice opera principale : B9616) aEdizione Standard aVICENZA (ITALIA)bI.S.G. AUDIOVISIVI / Distribuzione: I.S.G.g"1989 (1° ed.: 1989 ; Ed. Lingua Orig.: 1989)" aVHSbsonoro, col.c120 minuti a"Musica: Tognetti Achille; " aDOCUMENTARIO SULLA CONGREGAZIONE DELLE PICCOLE SUORE DELLA SACRA FAMIGLIA. aPAL, STEREO aITALIANO aDOCUMENTARIOeTV-PROGRAMMI RELIGIOSI [VHS]xCodice MATERIA SPICS: 9963936814 aCappellaro Giancarlo e(regista)gCodice regista SPICS: 9145949426 aTognetti Achillee(musica)gCodice Musica SPICS: 9227949427 cVH2ddc c106917d106917 0010406B_9616_00000000000000071aSPICSbSPICSd2015-01-31l0oB9616r2015-01-31 00:00:00w2015-01-31yVHzProgr. Ins.: 272 / N.Vol.:1 / Copie: 1 / Pag.:0 / Copia rara: n.d. / date import: 1.2.2015 / By Epidotti, Trombetti, Vaglietti